| 000 | 00514nam a2200157 4500 | ||
|---|---|---|---|
| 999 |
_c10716 _d10716 |
||
| 008 | 180918b ||||| |||| 00| 0 eng d | ||
| 022 | _a2094-8042 | ||
| 082 | _aDPer 370.105 M72 Jan-Dec 2011 v59-60 | ||
| 100 |
_931257 _aVinculado, Eden H. |
||
| 245 |
_aGSP/ _cEden H. Vinculado. |
||
| 246 | _aGirl scouts of the Philippines/ | ||
| 260 |
_aPhilippines: _bIn the Grade School, Inc., _cc2011. |
||
| 300 |
_av60 n4, page 155: _billustrations; _c27cm. |
||
| 650 | 0 |
_931258 _aScouts and scouting. |
|
| 942 |
_2ddc _cPER |
||